| 000 | 00759nam a2200277Ia 4500 | ||
|---|---|---|---|
| 003 | OSt | ||
| 005 | 20220912151223.0 | ||
| 006 | a|||||r|||| 00| 0 | ||
| 007 | ta | ||
| 008 | 220909b |||||||| |||| 00| 0 eng d | ||
| 024 | _a49852 | ||
| 037 | _cTextual | ||
| 040 |
_aCSL _beng _cCSL |
||
| 041 | _aeng | ||
| 082 | _aI:33C4, L5.1 | ||
| 100 | _aDeVries D A Ed. | ||
| 245 | 0 | _aHeat and mass transfer in the biosphere | |
| 260 |
_aNew York _b John Wiley _c1975 |
||
| 300 |
_avii, 594p. _ccm. |
||
| 490 | _aAdvances in thermal engineering ISSN 3 | ||
| 650 | _a Plant metabolism | ||
| 650 | _aBotany | ||
| 700 | _a Afgan N H Ed. | ||
| 942 |
_hI:33C4, L5.1 _cTEXL _2CC |
||
| 999 |
_c63928 _d63928 |
||